Responses for Show #3213 - Wednesday, July 15, 1998

Contestants

[<< previous game]

Rick Goldfarb, an attorney from Seattle, Washington

Jolyn Dunavant, a budget administrator from Lancaster, Texas

William Toren, a copy editor from Northridge, California (whose 1-day cash winnings total $2,400)

[next game >>]

Jeopardy! Round responses

AMERICAN HISTORY
KEEPIN' IN SHAPE
BY 2000
COUNTRY MUSIC
FOOD STUFF
ONLY IN "L.A."
    $100 4
George Washington

Rick
    $100 21
water

Jolyn
    $100 16
fraternities

Rick
    $100 22
Kenny Rogers

William
    $100 11
long grain

William
    $100 1
Luci Arnaz

Jolyn
    $200 5
Canada

William
    $200 25
Phen-Fen

Jolyn
    $200 17
1900

William
    $200 23
"King Of The Road"

William
    $200 12
the Netherlands (or Holland)

William
    $200 2
Los Alamos

Jolyn
    $900 8
Andrew Jackson

Rick
    $300 28
vitamin A

William
    $300 18
Ludwig van Beethoven

Rick
    $300 24
(Alex: And we have less than a minute to go.)

Gene Autry

Rick
    $300 13
peanut

William
    $300 3
Loni Anderson

Rick
    $400 9
Connecticut

William
    $400 29
(William: What is cardiovascular?)

aerobic

WilliamJolyn
    $400 19
Chernobyl

Rick
    $400 26
Carl Perkins

William
    $400 14
the kipper

William
    $400 6
Lhasa Apsos

William
    $500 10
(William: Who is John Paul Jones?)

Stephen Decatur

William
Triple Stumper
    $500 30
milk & eggs

Rick
    $500 20
a Ferris wheel

Rick
    $500 27
Shania Twain

Jolyn
    $500 15
semolina

Rick
    $500 7
(William: Who is Lee Aspin?)
[Originally ruled incorrect; reversed after first break]
...
(Alex: [After the break] William, we went out on the Internet and we checked a number of sources and found 36 that reinforced your response of "Lee Aspin", and we're going to credit you with $1,000.)

Les Aspin

WilliamRick

Scores at the first commercial break (after clue 14):

William Jolyn Rick
$2,000 $300 $1,800

Scores at the end of the Jeopardy! Round:

William Jolyn Rick
$2,800 $1,500 $4,400

Double Jeopardy! Round responses

COUNTRIES NAMED FOR PEOPLE
"BAD" MOVIES
BOOKS FOR THE BRAVE
ANIMAL ANAGRAMS
NATIVE AMERICANS
NON-NATIVE AMERICANS
    $200 3
the United States of America (Amerigo Vespucci)

Rick
    $200 22
the Bad News Bears

William
    $200 19
Stephen Hawking

William
    $200 1
a yak (Kay)

Rick
    $200 2
beads

William
    $200 12
Arnold Schwarzenegger

William
    $400 4
Bolivia (Simon Bolivar)

William
    $3,000 23
The Good, the Bad and the Ugly

William
    $400 27
Jean-Paul Sartre

William
    $400 17
a ewe (wee)

William
    $400 8
Winnebago

William
    $400 13
Soon-Yi Previn

Rick
    $600 5
Philippines

Rick
    $600 24
(Alex: William, why did you smile so much on that one?!)

Bad Girls

William
    $600 28
[Alex's pronunciation/reading of the last part of this clue is different from what is printed.]

Finnegans Wake

William
    $600 18
a raven (Verna)

Rick
    $600 9
teepee

William
    $600 14
Ivan Lendl

Rick
    $1,800 6
Rhodesia (Cecil Rhodes)

Rick
    $800 25
(Jolyn: What is The Demon Seed?)
...
(Alex: We have less than a minute.)

The Bad Seed

WilliamJolyn
    $800 29
Thomas Mann

Jolyn
    $800 20
a gnat (Tang)

William
    $800 10
the Plains Indians

Rick
    $800 15
Ted Koppel

William
    $1000 7
Saudi Arabia (Abdul Aziz Ibn Saud)

Rick
    $1000 26
Bad Lieutenant

William
    $1000 30
Anthony Trollope

Jolyn
    $1000 21
a vole (love)

Triple Stumper
    $1000 11
Wapiti

Rick
    $1000 16
(Jolyn: Who is Banderas?)

Andy Garcia

WilliamJolyn

Scores at the end of the Double Jeopardy! Round:

William Jolyn Rick
$14,400 $1,500 $11,600

[wagering suggestions for these scores]

Final Jeopardy! Round responses

U.S. RETAILING
(Alex: Rodeo Drive ranked No. 7 on the list.)
JolynWhat is Rodeo Drive?
$1,500
RickWhat is Rodeo Drive?
$8,600
WilliamWhat is Fifth A Rodeo Drive
$10,000
Fifth Avenue (New York City)

Final scores:

William Jolyn Rick
$4,400 $0 $3,000
2-day champion: $6,800 3rd place: Panasonic Portable DVD Player 2nd place: Trip to Holiday Inn Aruba Beach Resort & Casino

Game dynamics:

Coryat scores:

William Jolyn Rick
$11,800 $1,500 $10,000
30 R
(including 1 DD),
2 W
8 R,
2 W
21 R
(including 2 DDs),
0 W

Combined Coryat: $23,300

[game clues] [game scores] [suggest correction]

Game tape date: 1998-04-14
The J! Archive is created by fans, for fans. Scraping, republication, monetization, and malicious use prohibited; this site may use cookies and collect identifying information. See terms. The Jeopardy! game show and all elements thereof, including but not limited to copyright and trademark thereto, are the property of Jeopardy Productions, Inc. and are protected under law. This website is not affiliated with, sponsored by, or operated by Jeopardy Productions, Inc. Join the discussion at JBoard.tv.